| 000 | 00591nam a22002057a 4500 | ||
|---|---|---|---|
| 003 | OSt | ||
| 005 | 20240715151823.0 | ||
| 008 | 240715b |||||||| |||| 00| 0 eng d | ||
| 020 | _a0030245818 | ||
| 040 |
_aDDC _cMUST |
||
| 082 | _a337 KRE 1998 | ||
| 100 |
_aKreinin Mordechai E. _918732 |
||
| 245 |
_aInternational Economics: _b A Policy Approach/ _cKreinin Mordechai E. |
||
| 250 | _aEighth Edition | ||
| 260 |
_aNY: _bThe Dryden Press; _c1998. |
||
| 300 |
_axx,491p.: _bill, _c23.7cm. |
||
| 504 | _aIncludes Bibliographical Indexes. | ||
| 650 |
_aEconomics _9975 |
||
| 942 |
_2ddc _cO_SHELF |
||
| 999 |
_c9187 _d9187 |
||